书目信息 |
| 题名: |
OS/2 Warp Server核心技术揭秘(上)
|
|
| 作者: | 若一 , 孟金锁 编 | |
| 分册: | ||
| 出版信息: | 北京 电子工业出版社 1997.08 |
|
| 页数: | 320页 | |
| 开本: | 16开 | |
| 丛书名: | ||
| 单 册: | ||
| 中图分类: | TP316.86 | |
| 科图分类: | ||
| 主题词: | 软件 | |
| 电子资源: | ||
| ISBN: | 7-5053-4272-X | |
| 000 | 00619nam0 2200205 45 | |
| 001 | 0005181881 | |
| 005 | 20000518180105.5 | |
| 010 | @a7-5053-4272-X@d30.00元 | |
| 100 | @a20000518d1997 km y0chiy0120 ea | |
| 101 | @achi | |
| 105 | @a z 000yy | |
| 200 | 1 | @aOS/2 Warp Server核心技术揭秘(上)@AOS/2 Warp Server He Xin Ji Shu Jie Mi(Shang)@f若一, 孟金锁编@FRuo Yi, Meng Jin Suo Bian |
| 210 | @a北京@c电子工业出版社@d1997.08 | |
| 215 | @a320页@d16开 | |
| 606 | 0 | @a软件 |
| 690 | @aTP316.86@v3 | |
| 701 | @a若一@4编 | |
| 701 | 0 | @a孟金锁@4编 |
| 801 | @aCN@bPftUser@c20000518 | |
| 905 | @f1@b55729@dTP316.86@eR.335 | |
| OS/2 Warp Server核心技术揭秘(上)/若一, 孟金锁编.-北京:电子工业出版社,1997.08 |
| 320页;16开 |
| ISBN 7-5053-4272-X:30.00元 |
| ● |
| 相关链接 |
|
|
|
正题名:OS/2 Warp Server核心技术揭秘(上)
索取号:TP316.86/R.335
 
预约/预借
| 序号 | 登录号 | 条形码 | 馆藏地/架位号 | 状态 | 备注 |
| 1 | 55729 | 200557290 | 期刊室512/301自科库 52排5列4层/ [索取号:TP316.86/R.335] | 在馆 |